Engineering Drawing Vol. I : Geometrical Drawing (Record no. 3277)

MARC details
000 -LEADER
fixed length control field 00427nam a2200157Ia 4500
008 - FIXED-LENGTH DATA ELEMENTS--GENERAL INFORMATION
fixed length control field 221030s9999 xx 000 0 und d
041 ## - LANGUAGE CODE
Language code of text/sound track or separate title
082 ## - DEWEY DECIMAL CLASSIFICATION NUMBER
Classification number 105.23
Item number Agg
100 ## - MAIN ENTRY--AUTHOR NAME
Personal name M. L. Aggarwal
245 #0 - TITLE STATEMENT
Title Engineering Drawing Vol. I : Geometrical Drawing
Statement of responsibility, etc by M. L. Aggarwal, R. K. Garg
260 ## - PUBLICATION, DISTRIBUTION, ETC. (IMPRINT)
Name of publisher Dhanpat Rai Pub
Place of publication New Delhi
Year of publication 1999
300 ## - PHYSICAL DESCRIPTION
Number of Pages 304
650 ## - SUBJECT ADDED ENTRY--TOPICAL TERM
Topical Term Mechanical
700 ## - ADDED ENTRY--PERSONAL NAME
Personal name R. K. Garg
942 ## - ADDED ENTRY ELEMENTS (KOHA)
Koha item type Books
Holdings
Accession Number Cost, normal purchase price Serial Enumeration / chronology Full call number Price effective from Koha item type Withdrawn / writtenoff status Materials specified (bound volume or other part) Damaged status Not for loan Permanent Location Current Location Shelving location Date acquired Lost/ Missing status department
BE 5397 75.00 I 105.23 Agg 10/30/2022 Books   Print   Not For Loan MIET Library, Jammu MIET Library, Jammu BL-Second, FL-1, CUP-1, SH-4, R-4 06/11/2002   BE
BE 5400 75.00 I 105.23 Agg 10/30/2022 Books   Print     MIET Library, Jammu MIET Library, Jammu BL-Academic Block- A, FL-1, CUP-2, SH-5, R-5 06/11/2002   BE
BE 5401 75.00 I 105.23 Agg 10/30/2022 Books   Print     MIET Library, Jammu MIET Library, Jammu BL-Academic Block- A, FL-1, CUP-2, SH-5, R-5 10/29/2005   BE
BE 5402 75.00 I 105.23 10/30/2022 Books   Print     MIET Library, Jammu MIET Library, Jammu BL-Academic Block- A, FL-1, CUP-2, SH-5, R-5 06/11/2002   BE
BE 5398 75.00 I 105.23 Agg 10/30/2022 Books   Print     MIET Library, Jammu MIET Library, Jammu BL-Academic Block- A, FL-1, CUP-2, SH-5, R-5 06/11/2002   BE
BE 5399 75.00 I 105.23 Agg 10/30/2022 Books   Print     MIET Library, Jammu MIET Library, Jammu BL-Academic Block- A, FL-1, CUP-2, SH-5, R-5 06/11/2002   BE